000 00442nam a2200145Ia 4500
008 090124s9999 xx 000 0 und d
082 _b133393
_a101826
245 _a महाराणी पद्मिनी
250 _a1
260 _bगोखले श्री.पु.
_c2005
300 _a194
630 _a महाराणी पद्मिनी
730 _a महाराणी पद्मिनी
942 _cBOOK
999 _c179608
_d179608